000 00790nam a2200181 a 4500
008 120619s1995 ||||||||||||||||| || u
020 _a9241544619
050 _aRC 78.7.U4 Man (BOX 230)
100 _aPalmer, P. E. S
245 1 0 _aManual of diagnostic ultrasound
_cedited by P. E. S. Palmer
260 _aGeneva:
_bWHO
_c1995
300 _axvi, 334p.: ill.
500 _aBlue Trunk Library Collection (WHO).
650 _aULTRASONOGRAPHY--HANDBOOKS, MANUALS, ETC
650 _aDIAGNOSTIC IMAGING--HANDBOOKS, MANUALS, ETC
650 _aDIAGNOSTIC ULTRASONIC IMAGING--HANDBOOKS, MANUALS, ETC
995 _aMEDICAL LIBRARY OPEN ACCESS
_e743152
_FCBU-SCHOOL OF MEDICINE LIBRARY (Ndola)
_jBTL RC 78.7.U4 Man (BOX 230)
_M1
_UAVAILABLE
_WJun 22, 2012
_y743152
_ZMedical Library Open Access Collection
999 _c31966
_d31966